| 000 | 00442nam a2200181Ia 4500 | ||
|---|---|---|---|
| 005 | 20250423094858.0 | ||
| 008 | 250422s9999 xx 000 0 und d | ||
| 020 | _a0-534-00958-1 | ||
| 050 | _aHC 79.C6 .A87/ | ||
| 100 | _aAssael, Henry | ||
| 245 | 0 | _aConsumer behavior and marketing action | |
| 260 | _aMassachusetts | ||
| 260 | _bKent Publishing Company | ||
| 260 | _c1981 | ||
| 300 | _a627 p | ||
| 650 | _aConsumers | ||
| 942 | _cBK | ||
| 999 |
_c28569 _d28569 |
||